<?xml version="1.0" encoding="UTF-8"?>
<record
    xmlns:xsi="http://www.w3.org/2001/XMLSchema-instance"
    xsi:schemaLocation="http://www.loc.gov/MARC21/slim http://www.loc.gov/standards/marcxml/schema/MARC21slim.xsd"
    xmlns="http://www.loc.gov/MARC21/slim">

  <leader>00294nam a2200109Ia 4500</leader>
  <controlfield tag="001">588907</controlfield>
  <controlfield tag="005">20250717120839.0</controlfield>
  <controlfield tag="008">250717s9999    xx            000 0 und d</controlfield>
  <datafield tag="245" ind1=" " ind2="0">
    <subfield code="a">Y-7 B&#x130;L&#x130;M&#x130;N &#x130;K&#x130;NC&#x130; &#xD6;&#x11E;RETMEN&#x130; FARAB&#x130;</subfield>
    <subfield code="c">S&#xDC;HEYLA SANCAR</subfield>
  </datafield>
  <datafield tag="260" ind1=" " ind2=" ">
    <subfield code="b">ERDEM YAYINLARI</subfield>
    <subfield code="c">2020</subfield>
  </datafield>
  <datafield tag="300" ind1=" " ind2=" ">
    <subfield code="b">80</subfield>
  </datafield>
  <datafield tag="999" ind1=" " ind2=" ">
    <subfield code="c">588907</subfield>
    <subfield code="d">588907</subfield>
  </datafield>
</record>
